Gorillaz feature list - Statistics

General Stats
  • This quiz has been taken 26 times
  • The average score is 9 of 20
Answer Stats
Song Album Answer % Correct
Clint Eastwood Self-Titled Del the Funky Homosapien
85%
Rock the House Self-Titled Del the Funky Homosapien
85%
Feel Good Inc. Demon Days Maseo
70%
Feel Good Inc. Demon Days Trugoy the Dove
70%
Dirty Harry Demon Days Bootie Brown
60%
November Has Come Demon Days MF DOOM
55%
DARE Demon Days Shaun Ryder
50%
Re-Hash Self-Titled Miho Hatori
45%
5/4 Self-Titled Miho Hatori
45%
New Genious (Brother) Self-Titled Miho Hatori
45%
19-2000 Self-Titled Miho Hatori
45%
Left Hand Suzuki Method Self-Titled Miho Hatori
45%
Faust G-Sides Miho Hatori
45%
All Alone Demon Days Roots Manuva
25%
The Sounder G-Sides Life MC
20%
DARE Demon Days Roses Gabor
20%
Kids with Guns Demon Days Neneh Cherry
15%
19-2000 Self-Titled Tina Weymouth
15%
Latin Simone (¿Qué Pasa Contigo?) Self-Titled Ibrahim Ferrer
10%
The Sounder G-Sides Si Phili
5%
No matching quizzes found
Score Distribution
Percent of People with Each Score
Percentile by Number Answered
Your Score History
You have not taken this quiz